Normal view
MARC view
Entry Personal Name
001 - CONTROL NUMBER
- control field: 28606
003 - CONTROL NUMBER IDENTIFIER
- control field: OSt
005 - DATE AND TIME OF LATEST TRANSACTION
- control field: 20220125151837.0
008 - FIXED-LENGTH DATA ELEMENTS
- fixed length control field: 220125|| aca||aabn | a|a d
040 ## - CATALOGING SOURCE
- Original cataloging agency: OSt
- Transcribing agency: OSt
100 ## - HEADING--PERSONAL NAME
- Personal name: mallick P. k
670 ## - SOURCE DATA FOUND
- Source citation: Work cat.: (OSt)27837: mallick P. k., Fiber- Reinforced Composites